000 00542cas a22001694i 4500
999 _c62499
_d62499
001 768714001
003 CO-MdFUSB
005 20180430155514.0
008 180430s2008 cr ||||| |||| 00| 0 spa d
040 _aCO-MdFUSB
_bspa
_cCO-MdFUSB
_dCO-MdFUSB
041 _aspa
100 1 _aZuccherino, Daniel
_eautor
245 1 0 _aEl pueblo de la esperanza
300 _aVolumen 7. Número 17 (2008), páginas 266-269
_c: 28 cm.
773 0 _tConquista Cristiana
_049446
_960268
_gVolumen 7. Número 17 (2008), páginas 266-269
_qpágina 266
942 _cANA